Unix and shell programming : a textbook (Record no. 196069)

MARC details
000 -LEADER
fixed length control field 00516nam a2200193Ia 4500
003 - CONTROL NUMBER IDENTIFIER
control field OSt
005 - DATE AND TIME OF LATEST TRANSACTION
control field 20250314165230.0
008 - FIXED-LENGTH DATA ELEMENTS--GENERAL INFORMATION
fixed length control field 231217s9999 xx 000 0 und d
020 ## - INTERNATIONAL STANDARD BOOK NUMBER
International Standard Book Number 9788131503256
040 ## - CATALOGING SOURCE
Transcribing agency 0
041 ## - LANGUAGE CODE
Language code of text/sound track or separate title English
082 ## - DEWEY DECIMAL CLASSIFICATION NUMBER
Classification number 001.6424UNI FOR;67
100 ## - MAIN ENTRY--PERSONAL NAME
Personal name Forouzan, Bechrouz a. Gilberg, Richard F.
245 #0 - TITLE STATEMENT
Title Unix and shell programming : a textbook
260 ## - PUBLICATION, DISTRIBUTION, ETC.
Date of publication, distribution, etc. 2003
Name of publisher, distributor, etc. Thomson Learning
Place of publication, distribution, etc. Australia
300 ## - PHYSICAL DESCRIPTION
Extent xix, 875
500 ## - GENERAL NOTE
General note Content page available.
942 ## - ADDED ENTRY ELEMENTS (KOHA)
Koha item type Books
Source of classification or shelving scheme Dewey Decimal Classification
Holdings
Date last seen Total checkouts Full call number Accession number Uniform resource identifier Price effective from Category Lost status Damaged status Department Withdrawn status Home library Current library Shelving location Entry date Grants Currency symbol Conversion rate Discount Old discount
26/01/2024   001.6424UNI FOR;67 87810 digital/contents/50547.pdf 26/01/2024 Books     Information Science   Central Library Central Library Central Library 02/12/2013 DONATED RS 1    

© For any Suggestions or Query, please contact the library staff @ librarian@pes.edu or Phone: +9180 2672 1983/ 2108.